Statistics for Heartbreak Weather - Niall Horan (All Lyrics)

Click here to take the quiz!

General Stats

  • This quiz has been taken 89 times
  • The average score is 274 of 354

Answer Stats

Answer% Correct
a
98%
I
97%
We
97%
we
97%
heartbreak
95%
it
95%
It
95%
you
95%
You,
95%
weather
93%
your
93%
be
91%
in
91%
the
91%
when
91%
All
90%
all
90%
me
90%
my
90%
of
90%
by
88%
this
88%
it’s
86%
life
86%
life,
86%
to
86%
you’re
86%
been
84%
get
84%
with
84%
better
83%
where
83%
city
81%
so
81%
But
79%
can
79%
different
79%
feels
79%
I’ve
79%
Was
79%
was
79%
what
79%
won’t
79%
There
78%
there
78%
lonely
76%
myself
76%
And
74%
and
74%
were
74%
Thinking
72%
from
71%
just
71%
lightning
71%
dancing
69%
dancing,
69%
eyes
69%
want
69%
want,
69%
swear
67%
coming
66%
dark
66%
are
64%
room
64%
sleep-walk
64%
hotel
62%
stay
60%
yeah
60%
Yeah
60%
Yeah,
60%
blinded
59%
Blinded
59%
up
59%
way
59%
around
57%
Finding
57%
fire
57%
same
57%
saw
57%
Starting
57%
that’s
57%
while
57%
look
55%
missing
55%
Now
55%
felt
53%
heart’s
53%
reasons
53%
twisted
53%
away
52%
moves
52%
tangled
52%
Telling
52%
body
50%
empty
50%
smiling,
50%
sparks
50%
bars
48%
clouds
48%
couldn’t
48%
Lately,
48%
Running
48%
turn
48%
haven’t
47%
moment,
47%
living
45%
mirror
45%
reminded
45%
vision
45%
lifted
43%
magic,
43%
Bruno
41%
holding
41%
off,
40%
silence
40%
close
38%
driving
38%
clothes
34%
Taking
33%
Watching
31%
breaking
29%

Score Distribution

Percentile by Number Answered

Percent of People with Each Score

Your Score History

You have not taken this quiz